000 00342nam a2200145Ia 4500
008 230917s9999||||xx |||||||||||||| ||und||
040 _e242742
_aMAIN
041 _aEnglish
082 _a320.85 M314M
100 _aManisha
245 0 _aMahendragarh nagarpalika 2014-2015: Ek adhyayan
260 _c2014
300 _a76 p.
942 _cTH
999 _c127139
_d127139